01010cam a22002533a 45000010005000000030006000050050017000110080041000280400015000690420007000840500007000911000028000982450067001262600029001935050287002225060030005095160020005396530053005596530037006126530020006496530018006698300028006878560041007152535PGUSA20140828083016.0060518s2006||||xxu|||||s|||||000 1 eng d aPGUSAbeng adc 4aPS1 aHarte, Bret,d1836-190210aOpenings in the Old Trailh[electronic resource] /cBret Harte bProject Gutenberg,c20060 aA Mercury of the foot-hills -- Colonel Starbottle for the plaintiff -- The landlord of the Big Flume Hotel -- A Buckeye Hollow inheritance -- The reincarnation of Smith -- Lanty Foster's mistake -- An Ali Baba of the Sierras -- Miss Peggy's protégés -- The goddess of Excelsior. aPublic domain in the USA. aElectronic text aCalifornia -- Social life and customs -- Fiction aAmerican fiction -- 19th century aWestern stories aShort stories 0aProject Gutenbergv253540uhttp://www.gutenberg.org/ebooks/2535